[Event "Medellin Sub zt 2.3.2"]
[Site "Medellin"]
[Date "2025.04.18"]
[Round "7"]
[White "Robledo, Andres Mauricio"]
[Black "Simancas Maradei, Miguel Alejandro"]
[Result "1/2-1/2"]
[WhiteElo "1905"]
[BlackElo "2079"]
[PlyCount "117"]
[EventDate "2025.04.14"]
[EventType "swiss"]
[EventRounds "9"]
[EventCountry "COL"]
[SourceTitle "CB18_2025"]
[SourceDate "2025.04.30"]
[SourceVersion "1"]
[SourceVersionDate "2025.04.30"]
[SourceQuality "1"]

1. d4 Nf6 2. Bg5 c5 3. Bxf6 exf6 4. e3 Qb6 5. b3 Nc6 6. Nf3 cxd4 7. exd4 d5 8. Be2 Be7 9. 0-0 0-0 10. c3 Be6 11. Bd3 Rfd8 12. Re1 Bf8 13. Nbd2 Rac8 14. Nf1 g6 15. h4 Ne7 16. Qd2 Nf5 17. g4 Nd6 18. N3h2 f5 19. f3 Bg7 20. Kh1 fxg4 21. Rxe6 fxe6 22. Nxg4 Rf8 23. Nfh2 Qd8 24. h5 gxh5 25. Ne5 Nf5 26. Rg1 Kh8 27. Qg2 Bxe5 28. Bxf5 Rxf5 29. dxe5 Qg8 30. Qd2 Qf7 31. c4 dxc4 32. bxc4 Rg8 33. Rxg8+ Kxg8 34. Qd4 b6 35. c5 bxc5 36. Qxc5 Qd7 37. Qg1+ Qg7 38. Qd4 Qxe5 39. Qxa7 Qe1+ 40. Qg1+ Qxg1+ 41. Kxg1 Ra5 42. Kf2 Rxa2+ 43. Kg3 Rxh2 44. Kxh2 Kf7 45. Kg3 Kf6 46. Kf4 e5+ 47. Ke4 Kg5 48. Kxe5 h4 49. f4+ Kg4 50. f5 h3 51. f6 h2 52. f7 h1Q 53. f8Q Qe1+ 54. Kd4 Qd2+ 55. Ke4 Qe2+ 56. Kd4 Qb2+ 57. Ke3 Qc3+ 58. Kf2 Qd4+ 59. Kf1 1/2-1/2

[Event "Medellin Sub zt 2.3.2"]
[Site "Medellin"]
[Date "2025.04.15"]
[Round "3"]
[White "Simancas Maradei, Miguel Alejandro"]
[Black "Pedrosa Rivera, Joshua"]
[Result "1/2-1/2"]
[WhiteElo "2079"]
[BlackElo "1916"]
[PlyCount "52"]
[EventDate "2025.04.14"]
[EventType "swiss"]
[EventRounds "9"]
[EventCountry "COL"]
[SourceTitle "CB18_2025"]
[SourceDate "2025.04.30"]
[SourceVersion "1"]
[SourceVersionDate "2025.04.30"]
[SourceQuality "1"]

1. d4 e6 2. c4 b6 3. Nf3 Bb7 4. Nc3 Bb4 5. e3 f5 6. Bd2 Nf6 7. Bd3 0-0 8. Qc2 d6 9. d5 Qe7 10. dxe6 Bxc3 11. Bxc3 Ne4 12. Nd4 g6 13. h4 c5 14. Bxe4 Bxe4 15. Qd2 Nc6 16. Nxc6 Bxc6 17. f4 h5 18. 0-0-0 Rad8 19. b3 Qxe6 20. Bb2 Rfe8 21. Rh3 Rd7 22. Qc3 Kh7 23. Rg3 d5 24. cxd5 Bxd5 25. Rg5 Qxe3+ 26. Qxe3 Rxe3 1/2-1/2

[Event "Santiago de Cali op"]
[Site "Cali"]
[Date "2024.12.29"]
[Round "6"]
[White "Simancas Maradei, Miguel Alejandro"]
[Black "Giraldo, Francisco Javier"]
[Result "1-0"]
[WhiteElo "2057"]
[BlackElo "2005"]
[PlyCount "71"]
[EventDate "2024.12.26"]
[EventType "swiss"]
[EventRounds "8"]
[EventCountry "COL"]
[SourceTitle "CB01_2025"]
[SourceDate "2025.01.01"]
[SourceVersion "1"]
[SourceVersionDate "2025.01.01"]
[SourceQuality "1"]

1. e4 e5 2. Nf3 Nc6 3. Bb5 Nf6 4. 0-0 Bc5 5. Nxe5 Bxf2+ 6. Rxf2 Nxe5 7. d4 Neg4 8. Rf4 c6 9. Be2 h5 10. Nc3 d6 11. h3 Nh6 12. Bxh5 Nxh5 13. Qxh5 Qb6 14. Rf2 Be6 15. d5 cxd5 16. exd5 Bd7 17. Bg5 Bf5 18. Re1+ Kf8 19. Qe2 Bg6 20. Bxh6 Rxh6 21. Nb5 Bh5 22. g4 Bg6 23. Kg2 Kg8 24. c4 Kh7 25. Qe3 Qa5 26. Nxd6 Qxa2 27. b3 Qa6 28. Nxf7 Bxf7 29. Rxf7 Qa2+ 30. Re2 Qa3 31. Qe7 Qa1 32. Qxb7 Qd1 33. Rxg7+ Kh8 34. Qxa8+ Kxg7 35. Qxa7+ Kg6 36. Re6+ 1-0

[Event "American Continental Rapid 18th"]
[Site "Medellin"]
[Date "2024.06.01"]
[Round "8"]
[White "Lopez Fuentes, Wilberth Sebastian"]
[Black "Simancas Maradei, Miguel Alejandro"]
[Result "0-1"]
[WhiteElo "1781"]
[BlackElo "2006"]
[PlyCount "100"]
[EventDate "2024.06.01"]
[EventType "swiss (rapid)"]
[EventRounds "9"]
[EventCountry "COL"]
[SourceTitle "CBM 220 Extra"]
[Source "ChessBase"]
[SourceDate "2024.07.31"]
[SourceVersion "1"]
[SourceVersionDate "2024.07.31"]
[SourceQuality "1"]

1. f4 c5 2. Nf3 e6 3. e4 b6 4. d4 Bb7 5. Nc3 cxd4 6. Nxd4 a6 7. Be3 d6 8. Be2 Nd7 9. 0-0 Ngf6 10. Bf3 Qc7 11. Re1 Be7 12. Qe2 0-0 13. Rad1 Rac8 14. Bf2 Rfd8 15. g4 Bf8 16. g5 Ne8 17. h4 b5 18. a3 Nb6 19. f5 e5 20. Ndxb5 axb5 21. Nxb5 Qc6 22. Na7 Qc7 23. Nxc8 Rxc8 24. b3 Nd7 25. c4 Nc5 26. b4 Nb3 27. Qe3 Nd4 28. Rc1 Qd7 29. Qd3 Nxf3+ 30. Qxf3 g6 31. Red1 gxf5 32. Qxf5 Qc6 33. Rd5 Ng7 34. Qf6 Nh5 35. Qf3 Nf4 36. Rd2 Qa6 37. b5 Qa4 38. Rdc2 d5 39. exd5 Bxd5 40. Qe3 Bc5 41. cxd5 Bxe3 42. Rxc8+ Kg7 43. Bxe3 Nxd5 44. Bf2 Qg4+ 45. Kf1 Nf4 46. R8c3 Qg2+ 47. Ke1 Qh1+ 48. Kd2 Qd5+ 49. Kc2 Qa2+ 50. Kd1 Qe2# 0-1

[Event "American Continental Rapid 18th"]
[Site "Medellin"]
[Date "2024.06.01"]
[Round "3"]
[White "Simancas Maradei, Miguel Alejandro"]
[Black "Vivas Zamora, Fabian Ernesto"]
[Result "0-1"]
[WhiteElo "2006"]
[BlackElo "2385"]
[PlyCount "63"]
[EventDate "2024.06.01"]
[EventType "swiss (rapid)"]
[EventRounds "9"]
[EventCountry "COL"]
[SourceTitle "CBM 220 Extra"]
[Source "ChessBase"]
[SourceDate "2024.07.31"]
[SourceVersion "1"]
[SourceVersionDate "2024.07.31"]
[SourceQuality "1"]

1. c4 Nf6 2. Nc3 c5 3. g3 d5 4. cxd5 Nxd5 5. Bg2 Nc7 6. Nf3 Nc6 7. 0-0 e5 8. d3 Be7 9. Nd2 Bd7 10. Nc4 f6 11. f4 exf4 12. gxf4 b5 13. Ne3 0-0 14. Bd2 Kh8 15. Rc1 f5 16. Ncd5 Ne6 17. Nxe7 Qxe7 18. Nd5 Qh4 19. e3 Rad8 20. Rf3 Qh5 21. Qe1 Rfe8 22. Rh3 Qf7 23. Qh4 Nf8 24. Rxc5 Be6 25. Rxc6 Bxd5 26. Bxd5 Qxd5 27. Rh6 Qg8 28. Bb4 Rxd3 29. Bxf8 gxh6+ 30. Rg3 Qxf8 31. Qh5 Rdxe3 32. Kf2 0-1

[Event "American Continental 18th"]
[Site "Medellin"]
[Date "2024.05.31"]
[Round "10"]
[White "Aaron, Deepak"]
[Black "Simancas Maradei, Miguel Alejandro"]
[Result "1-0"]
[WhiteElo "2293"]
[BlackElo "2006"]
[PlyCount "69"]
[EventDate "2024.05.24"]
[EventType "swiss"]
[EventRounds "11"]
[EventCountry "COL"]
[SourceTitle "CBM 220 Extra"]
[Source "ChessBase"]
[SourceDate "2024.07.31"]
[SourceVersion "1"]
[SourceVersionDate "2024.07.31"]
[SourceQuality "1"]

1. e4 c5 2. Nf3 e6 3. b3 b6 4. Bb2 Bb7 5. Nc3 a6 6. Qe2 Nc6 7. 0-0-0 e5 8. g4 Nge7 9. Nd5 d6 10. Kb1 Nxd5 11. exd5 Ne7 12. c4 Qd7 13. h4 0-0-0 14. Bh3 Kb8 15. g5 Qe8 16. h5 f5 17. Nxe5 dxe5 18. Bxe5+ Ka7 19. Rhe1 Qd7 20. d4 Nc8 21. Qc2 Nd6 22. dxc5 bxc5 23. b4 Nxc4 24. Qxc4 Bxd5 25. Qc2 Qb7 26. Bxf5 Bd6 27. Ka1 c4 28. Bd4+ Kb8 29. a3 h6 30. g6 Rhe8 31. Qc3 Bf8 32. Rxe8 Rxe8 33. Be5+ Ka8 34. Qd4 Bf3 35. Qd8+ 1-0

[Event "American Continental 18th"]
[Site "Medellin"]
[Date "2024.05.25"]
[Round "2"]
[White "Simancas Maradei, Miguel Alejandro"]
[Black "Vivas Zamora, Fabian Ernesto"]
[Result "0-1"]
[WhiteElo "2006"]
[BlackElo "2385"]
[PlyCount "38"]
[EventDate "2024.05.24"]
[EventType "swiss"]
[EventRounds "11"]
[EventCountry "COL"]
[SourceTitle "CBM 220 Extra"]
[Source "ChessBase"]
[SourceDate "2024.07.31"]
[SourceVersion "1"]
[SourceVersionDate "2024.07.31"]
[SourceQuality "1"]

1. c4 Nf6 2. Nc3 c5 3. g3 d5 4. cxd5 Nxd5 5. Bg2 Nc7 6. Nf3 Nc6 7. 0-0 e5 8. d3 Be7 9. Nd2 0-0 10. Bxc6 bxc6 11. Nc4 f6 12. Be3 Bh3 13. Re1 Ne6 14. Qa4 Qd7 15. Rac1 Rab8 16. a3 Kh8 17. Na5 Nd4 18. f3 Rxb2 19. Bxd4 Qxd4+ 0-1

[Event "Pereira op"]
[Site "Pereira"]
[Date "2023.09.24"]
[Round "4"]
[White "Simancas Maradei, Miguel Alejandro"]
[Black "Tineo Mojica, Ivan Esteban"]
[Result "1-0"]
[WhiteElo "2002"]
[BlackElo "1688"]
[PlyCount "97"]
[EventDate "2023.09.23"]
[EventType "swiss"]
[EventRounds "6"]
[EventCountry "COL"]
[SourceTitle "CBM 216 Extra"]
[Source "ChessBase"]
[SourceDate "2023.11.30"]
[SourceVersion "1"]
[SourceVersionDate "2023.11.30"]
[SourceQuality "1"]

1. c4 e6 2. Nc3 f5 3. g3 Nf6 4. Bg2 Be7 5. d4 0-0 6. Nh3 d6 7. 0-0 e5 8. dxe5 dxe5 9. Qb3 c6 10. Ng5 Qb6 11. Qc2 Na6 12. a3 h6 13. Nf3 Qc7 14. b4 Be6 15. Bb2 Nd7 16. c5 Rf7 17. Rad1 Rd8 18. Rd2 Nf8 19. Rfd1 Rxd2 20. Rxd2 Bf6 21. e4 f4 22. Ne2 fxg3 23. hxg3 Rd7 24. Rxd7 Nxd7 25. Nc1 b6 26. cxb6 axb6 27. Bf1 Nab8 28. Bc4 Qd6 29. Qb3 Kf7 30. Nd3 b5 31. Bxe6+ Qxe6 32. Qc3 g6 33. Nfxe5+ Nxe5 34. Nxe5+ Bxe5 35. Qxe5 Qxe5 36. Bxe5 Nd7 37. Bd4 Nf8 38. f4 Ne6 39. Be3 Kf6 40. Kg2 g5 41. Kf3 gxf4 42. gxf4 h5 43. Kg3 Nd8 44. Kh4 Nf7 45. Kxh5 Ke6 46. Bc5 Ne5 47. fxe5 Kxe5 48. Kg6 Kxe4 49. Kf6 1-0

[Event "Cali Valle Colombia op-B"]
[Site "Cali Valle Colombia"]
[Date "2022.12.29"]
[Round "6"]
[White "Simancas Maradei, Miguel Alejandro"]
[Black "Borrero, Alexander"]
[Result "1-0"]
[WhiteElo "2027"]
[BlackElo "1988"]
[PlyCount "97"]
[EventDate "2022.12.26"]
[EventType "swiss"]
[EventRounds "8"]
[EventCountry "COL"]
[SourceTitle "CBM 211 Extra"]
[Source "ChessBase"]
[SourceDate "2023.01.31"]
[SourceVersion "1"]
[SourceVersionDate "2023.01.31"]
[SourceQuality "1"]

1. e4 c6 2. Nc3 d5 3. Nf3 Bg4 4. h3 Bxf3 5. Qxf3 Nf6 6. d3 e6 7. Bd2 Qb6 8. 0-0-0 d4 9. Ne2 c5 10. e5 Nfd7 11. Qg3 Nc6 12. f4 g6 13. Qf3 Qa6 14. Kb1 Nb6 15. Nc1 Nd5 16. g4 Qa4 17. Bg2 Bh6 18. g5 Bf8 19. h4 Be7 20. h5 0-0-0 21. Rh2 Qb5 22. Rdh1 Rhf8 23. hxg6 hxg6 24. Qf2 Nc3+ 25. Ka1 Na4 26. Nb3 Nb4 27. Bxb4 Qxb4 28. Qd2 Nc3 29. bxc3 dxc3 30. Qe3 c4 31. dxc4 Kb8 32. Rb1 Rd7 33. Rh3 Qxc4 34. Qe4 Qc7 35. Rd3 Ba3 36. Rbd1 Rfd8 37. Kb1 Qb6 38. Bf3 Rxd3 39. cxd3 a5 40. Qxb7+ Qxb7 41. Bxb7 Kxb7 42. Nxa5+ Ka6 43. Nc4 Bb2 44. Kc2 Kb5 45. Nd6+ Kb4 46. Re1 Rh8 47. Re4+ Kc5 48. Rc4+ Kd5 49. Ne4 1-0

[Event "Cali Valle Colombia op-B"]
[Site "Cali Valle Colombia"]
[Date "2022.12.26"]
[Round "1"]
[White "Velez, Sebastian"]
[Black "Simancas Maradei, Miguel Alejandro"]
[Result "0-1"]
[WhiteElo "1531"]
[BlackElo "2027"]
[PlyCount "76"]
[EventDate "2022.12.26"]
[EventType "swiss"]
[EventRounds "8"]
[EventCountry "COL"]
[SourceTitle "CBM 211 Extra"]
[Source "ChessBase"]
[SourceDate "2023.01.31"]
[SourceVersion "1"]
[SourceVersionDate "2023.01.31"]
[SourceQuality "1"]

1. d4 Nf6 2. Nf3 b6 3. Bf4 Bb7 4. e3 g6 5. Bd3 Bg7 6. c3 0-0 7. Nbd2 c5 8. h3 d5 9. Qe2 Nbd7 10. 0-0 Ne4 11. Ba6 Qc8 12. Bxb7 Qxb7 13. Rac1 Rfe8 14. Ne5 Ndf6 15. Nxe4 Nxe4 16. f3 Nd6 17. Ng4 f6 18. Bh6 e5 19. Bxg7 Kxg7 20. dxe5 fxe5 21. b3 Nf5 22. Kh2 h5 23. Nf2 e4 24. f4 Qe7 25. Nh1 Rad8 26. Ng3 Nxg3 27. Kxg3 d4 28. cxd4 cxd4 29. exd4 Rxd4 30. Qb2 Qf6 31. Rc7+ Kh6 32. Kh2 e3 33. Rc2 Qd6 34. g3 Rd2+ 35. Rxd2 exd2 36. Rd1 Re2+ 37. Kg1 Qc5+ 38. Kh1 Qd5+ 0-1

[Event "Palmira op-B"]
[Site "Palmira"]
[Date "2022.12.15"]
[Round "2"]
[White "Velez Alvarez, Laura Camila"]
[Black "Simancas Maradei, Miguel Alejandro"]
[Result "1/2-1/2"]
[WhiteElo "1748"]
[BlackElo "2027"]
[PlyCount "91"]
[EventDate "2022.12.14"]
[EventType "swiss"]
[EventRounds "8"]
[EventCountry "COL"]
[SourceTitle "CBM 211 Extra"]
[Source "ChessBase"]
[SourceDate "2023.01.31"]
[SourceVersion "1"]
[SourceVersionDate "2023.01.31"]
[SourceQuality "1"]

1. e4 c5 2. Nf3 d6 3. d4 cxd4 4. Nxd4 Nf6 5. f3 a6 6. c4 e5 7. Nc2 Be7 8. Nc3 Be6 9. Be3 0-0 10. Qd2 Nbd7 11. Rc1 Nh5 12. g3 f5 13. exf5 Bxf5 14. Bg2 Nhf6 15. 0-0 Rc8 16. b3 Qe8 17. Nb4 Nc5 18. Rfd1 Qg6 19. Nbd5 Nxd5 20. Nxd5 Bd8 21. Bf1 h5 22. b4 Nd7 23. Rc3 Kh8 24. Bf2 Nf6 25. Ne3 Be7 26. Nxf5 Qxf5 27. Bd3 Qxf3 28. Be2 Qxf2+ 29. Kxf2 Ne4+ 30. Kg2 Nxd2 31. Rxd2 g6 32. Rdc2 Rc7 33. a4 Rfc8 34. g4 h4 35. Bd3 Kg7 36. Be4 b5 37. axb5 axb5 38. Bd5 bxc4 39. b5 Rc5 40. Rxc4 Rxc4 41. Rxc4 Rxc4 42. Bxc4 Bd8 43. Kf3 Kf6 44. Ke4 Bb6 45. h3 Kg5 46. Bd5 1/2-1/2

[Event "Jamundi Valle Avanza op-B"]
[Site "Jamundi"]
[Date "2022.12.11"]
[Round "7"]
[White "Simancas Maradei, Miguel Alejandro"]
[Black "Franco Garzon, Jhonier Dario"]
[Result "0-1"]
[WhiteElo "2027"]
[BlackElo "1900"]
[PlyCount "50"]
[EventDate "2022.12.08"]
[EventType "swiss"]
[EventRounds "7"]
[EventCountry "COL"]
[SourceTitle "EXT 2024"]
[Source "ChessBase"]
[SourceDate "2023.10.10"]
[SourceVersion "1"]
[SourceVersionDate "2023.10.10"]
[SourceQuality "1"]

1. c4 b5 2. e3 bxc4 3. Bxc4 d5 4. Bb3 Nf6 5. Nf3 e6 6. 0-0 g5 7. Nc3 Rg8 8. Qc2 Ba6 9. Ba4+ Nfd7 10. Re1 g4 11. Ne5 c6 12. Nxc6 Nxc6 13. Bxc6 Bd6 14. Qxh7 Ke7 15. Nxd5+ exd5 16. Bxd5 Qf8 17. Qe4+ Kd8 18. Bxa8 Bxh2+ 19. Kxh2 Qh6+ 20. Kg3 Rh8 21. Rh1 Qxh1 22. Qf5 Qh4+ 23. Kf4 Qxf2+ 24. Bf3 gxf3 25. gxf3 Rh4+ 0-1